Pays du monde - Statistiques

Statistiques générales
  • Ce quiz a été pris 133 fois
  • Le résultat moyen est 29 sur 30
Statistiques - réponses
Par images Réponse % Correct
France
100%
Allemagne
99%
Canada
99%
Espagne
99%
États-Unis
99%
Norvège
99%
Royaume-Uni
99%
Suède
99%
Suisse
99%
Belgique
98%
Brésil
98%
Grèce
98%
Italie
98%
Japon
98%
Argentine
97%
Chine
97%
Finlande
97%
Israel
96%
Irlande
95%
Corée du Sud
94%
Pays-Bas
94%
Portugal
94%
Australie
93%
Mexique
93%
Russie
92%
Pologne
91%
Inde
90%
Danemark
89%
Uruguay
84%
Corée du Nord
80%
Aucun quiz correspondant
Distribution des résultats
% des personnes avec chaque résultat
Percentile par nombre de réponses
Votre historique - résultats
Vous n’avez pas pris ce quiz